000 01169cam a2200253 4500
001 ABS64948
008 011212n2001 000 0 eng u
035 _a(Sirsi) u115975
100 _aBarsby,
245 _aSafe as houses?
260 _c2001
490 _aNew Law Journal
_v151(7009) 1722-1723(2)
520 _aExamines the legal protection available to occupiers of caravans and mobile homes. Outlines caravan sites legislation with particular reference to the Caravan Sites Act 1968 and the Mobile Homes Act 1983, and discusses whether a caravan should treated as a chattel or a building. Considers the application of landlord and tenant law for caravan occupiers who are not protected under the caravan sites legislation. Concludes that the law surrounding caravan sites is complex and can give rise to different interpretations in the protection it offers occupiers. Case law.
590 _aABS
650 _aCARAVANS
650 _aOCCUPIERS
650 _aCHATTELS
650 _aMOBILE HOMES
650 _aLANDLORD AND TENANT LAW
650 _aCARAVAN SITES ACT 1968
650 _aMOBILE HOMES ACT 1983
690 _aPROPERTY
942 _n0
999 _c69093
_d69093